000 00494nam a2200145Ia 4500
008 100204s9999 xx 000 0 und d
082 _b7739
100 _aपाटील भा. ल.
245 _aवस्ती वाढते आहे
260 _b"पॉप्युलर प्रकाशन , मुंबई"
_c1985 2
300 _a341
630 _aवस्ती वाढते आहे
730 _aवस्ती वाढते आहे
942 _cBOOK
999 _c452175
_d452172